00404nam a22001451a 4500020000900000040002600009050002000035245005300055260005000108300001200158500001500170600004100185600002900226852000300255 c0.00 aNEGST Library - Kenya aBS 325.S66 1976 aAxdiga cusub oo Rabbigeena iyo Badbaadiyh[Text] aNairobi, KenyabBible Society of Kenyacc1976 a454 p.; a[Africana] aBible. N. T. Somali language - Texts aSomali Language - Texts